| 000 | 00464nam a22001457a 4500 | ||
|---|---|---|---|
| 008 | 250212b |||||||| |||| 00| 0 eng d | ||
| 020 | _a9993355143 | ||
| 082 |
_223rd _a425 _bM277p |
||
| 100 | _aMarahatta, M P | ||
| 245 |
_aPractical English grammar and comprehension : _bor S L C and advanced level / _cM P Marahatta. |
||
| 260 |
_aKathmandu : _bVidyarthi Pustak Bhandar, _c2060BS. |
||
| 300 | _a341p. | ||
| 650 |
_aEnglish language _vGrammar |
||
| 942 |
_2ddc _cISBN |
||
| 999 |
_c120212 _d120200 |
||